LDR 01127naa#a2200229#i#450# 001 RU\\bibl\124623 005 20260630050116.2 011 ## _a2077-7566 100 ## _a20260629b2026####ek#y0rusy0150####ca 101 0# _aRUS 102 ## _aRU 200 1# _aУРОВЕНЬ МАТРИКСНЫХ МЕТАЛЛОПРОТЕИНАЗ ПРИ ВОСПАЛИТЕЛЬНЫХ ЗАБОЛЕВАНИЯХ ПАРОДОНТА (Экспериментальное исследование) _eЖурнальная статья 210 1# _aЕкатеринбург _cИздательский Дом «ТИРАЖ» _d2026 215 ## _a7 с. 608 ## _aЖурнальная статья _2local 675 ## _aСтоматология. Заболевания ротовой полости и зубов. 616.31 _zRUS 700 #1 _aПопов _gВячеслав Анатольевич 700 #1 _aКисельникова _gЛариса Петровна 700 #1 _aШагров _gЛеонид Леонидович 700 #1 _aЗвездина _gЮлия Михайловна 700 #1 _aПопова _gДарья Александровна 856 4# _adental-press.ru _u